000 00612nam a2200181Ia 4500
008 140609s9999 xx 000 0 und d
020 _a9789719535201
050 _aPN 6145
_b.R175 2012
100 _aRamos, Fidel V.
245 _aTowards our better future :
_b(seize the opportunities) /
_cFidel V. Ramos
260 _a[Makati City, Philippines] :
_bRamos Peace and Development Foundation Inc., 
_cc2012.
300 _a363 p. :
_bcol. ill. ;
_c23 cm.
500 _aIncludes index.
521 _aGE
650 _aPhilippines
_xPolitics and government -- 21st century.
942 _kLOC
_cBK
999 _c117994
_d117994